| 000 | 00602nam a2200181 4500 | ||
|---|---|---|---|
| 001 | 132768 | ||
| 003 | ES-MaACL | ||
| 005 | 20230906194239.0 | ||
| 007 | t| | ||
| 008 | 070214s1923 sp r ||||1| spa d | ||
| 100 | 1 |
_aRosa, Guillermo de la. _999603 |
|
| 245 | 1 | 0 |
_aNota histopatológica sobre un caso de bronquioma / _cGuillermo de la Rosa. |
| 260 |
_a[S. l. : _bs. n., _c1923?] |
||
| 300 |
_a3 p. : _bil. |
||
| 500 | _aSeparata de: Boletín de la Sociedad Española de Biología, año X, fascículo VIII (1923) | ||
| 710 | 2 |
_aSociedad Española de Biología. _96711 |
|
| 852 |
_aES-MaACL _j1671-F-1 |
||
| 999 |
_c132768 _d132768 |
||